Tous les troisième de la Coupe du Monde par éditions - Statistiques

Statistiques générales
  • Ce quiz a été pris 66 fois
  • Le résultat moyen est 17 sur 22
Statistiques - réponses
Hint Réponse % Correct
2010 Allemagne
96%
2006 Allemagne
96%
1970 Allemagne
96%
1934 Allemagne
96%
1986 France
96%
1958 France
96%
1990 Italie
95%
1978 Brésil
93%
1938 Brésil
93%
2014 Pays Bas
93%
2022 Croatie
88%
1998 Croatie
88%
2018 Belgique
84%
1966 Portugal
74%
2002 Turquie
70%
1994 Suède
67%
1950 Suède
67%
1982 Pologne
60%
1974 Pologne
60%
1962 Chili
49%
1954 Autriche
28%
1930 Etas-Unis
4%
Aucun quiz correspondant
Distribution des résultats
% des personnes avec chaque résultat
Percentile par nombre de réponses
Votre historique - résultats
Vous n’avez pas pris ce quiz